| 000 | 00907nam a22002417a 4500 | ||
|---|---|---|---|
| 003 | DO-SdBNP | ||
| 005 | 20240503073631.0 | ||
| 007 | ta | ||
| 008 | 230321b2011 sp ac||| |||| 00| 0 spa d | ||
| 020 | _a9788820985653 | ||
| 040 |
_aDO-SdBNP _bspa _cDO-SdBNP |
||
| 082 | 4 | _222 | |
| 100 | 1 |
_aCervantes Saavedra, Miguel de, _d1547-1616 _93070 |
|
| 245 | 1 | 0 |
_aPatria y hogar : _bpoesías _cTrina Moya de Vásquez |
| 250 | _a2a ed. | ||
| 260 |
_aCiudad del Vaticano, Roma : _bLibreria editrice vaticana _c2011. |
||
| 300 |
_a115 p. : _bilustraciones y retratos _c19 cm. |
||
| 500 | _aEn ocación de la xiv Feria Internacional del libro Santo Domingo 2011, invitado de honor: Santa sede y de la celebración de los 500 años de la creación del Nuevo Mundo, América, en Santo Domingo, República Dominicana. | ||
| 590 | _aInventariado, 2023/BT | ||
| 910 | _aBtavárez | ||
| 942 |
_2ddc _cLBS1 |
||
| 956 | _aVMateo | ||
| 999 |
_c53161 _d53161 |
||